1479 1035 1645 1917 1459 1877 1811 1039 1626 1862 1137 1352 1007 1331 1458 1923 1936 1022 1568 1149 1908 1145 1286 1747 1770 1002 1100 1893 1768 1492 1329 1162 1373 1846 1124 1967 1021 1750 1296 1218 1104 1974 1575 1313 1090 1568 1220 1684 1916 1534 1524 1071 1613 1853 1316 1976 1292 1626 1816 1209 1744 1326 1508 1558 1539 1464 1593 1609 1355 1114 1533 1092 1039 1692 1656 1762 1679 1364 1097 1610 1013 1701 1609 1811 1772 1636 1015 1130 1445 1910 1723 1501 1759 1588 1787 1494 1272 1406 1504 BCNSPRNW ULIB Ver.6.0+V

เปลี่ยนเป็นภาษาไทย

Change to English
 แสดงรายละเอียดบรรณานุกรม
  กลับหน้าหลัก

Brief Record : Get Marc (ISO 2709) : E-mail record : QR code < ปิดหน้าต่าง
LEADER : 00000nam a2200000Ia 4500
001    13399115041
003     ULIB
008    070320s2255 th a 000 0 tha d
020    9786160304639
050  4 ^aDS586^bค383
245 00 ^aคำสอนของพ่อ ^nแห่งแผ่นดิน/^cธรรมสภาและสถาบันบันลือธรรม
246    ^a King of tha Kings
260    ^aกรุงเทพฯ :^bสถาบัน,^c2555
300    ^a122 หน้า :^bภาพประกอบ ;^c17 ซม.
500    ^aชื่อเรื่องจากปก
600 04 ^aภูมิพลอดุลยเดช,^cพระบาทสมเด็จพระปรมินทรมหา,^d2470-
600 04 ^aภูมิพลอดุลยเดช,^cพระบาทสมเด็จพระปรมินทรมหา,^d2470-
650  4 ^aพระบรมราโชวาท
710 2  ^aธรรมสภาและสถาบันบันลือธรรม
945    ^p150^l0^i032134
945    ^p150^l0^i032135
945    ^p150^l0^i032136
945    ^p150^l0^i032137
945    ^p150^l0^i032138
995    ^a เกษร
999 ^a ใช้งานได้ทุกระบบ
รายการนี้ยังไม่มีแท็ก
คุณยังไม่ได้ล็อกอิน คุณสามารถมีกิจกรรมร่วมกับเว็บไซต์ได้ แต่ต้องล็อกอินก่อน ::
  ล็อกอิน

รายการสื่อสารสนเทศ

ลำดับที่ ประเภท เลขเรียก/บาร์โค้ด สถานที่ สถานะ
- ไม่พบข้อมูล -

รายการใกล้เคียง
    หัวเรื่อง [พระบรมราโชวาท]

BibComment


ยังไม่เคยถูกคอมเมนท์

คอมเมนท์ทรัพยากรรายการนี้
  คอมเมนท์: คำสอนของพ่อ แห่..


 Copyright 2026. Bcnsprnw @Library